[Event "PRO League Stage"]
[Site "Chess.com INT"]
[Date "2017.02.15"]
[Round "6"]
[White "Ke, Ivan"]
[Black "Liu, Elliott"]
[Result "0-1"]
[WhiteElo "2058"]
[BlackElo "2284"]
[PlyCount "90"]
[EventDate "2017.01.11"]
[EventType "team-swiss (rapid)"]
[EventRounds "7"]
[EventCountry "USA"]
[SourceTitle "CBM 176 Extra"]
[Source "ChessBase"]
[SourceDate "2017.03.02"]
[SourceVersion "1"]
[SourceVersionDate "2017.03.02"]
[SourceQuality "1"]
[WhiteTeam "San Jose Hackers"]
[BlackTeam "Las Vegas Desert Rats"]
[WhiteTeamCountry "USA"]
[BlackTeamCountry "USA"]

1. d4 g6 2. c4 Bg7 3. Nf3 Nf6 4. g3 0-0 5. Bg2 d5 6. cxd5 Nxd5 7. 0-0 Nb6 8. h3 Nc6 9. e3 a5 10. Nc3 a4 11. Qc2 Be6 12. Rd1 Qc8 13. Kh2 Rd8 14. Bd2 Nc4 15. Nxa4 Rxa4 16. Qxa4 Nxb2 17. Qc2 Nxd1 18. Rxd1 Qa8 19. a4 h6 20. Bc3 Qa6 21. Nd2 Qe2 22. Kg1 Bd5 23. Bf1 Qh5 24. e4 Be6 25. Nb1 Bxd4 26. Be2 Qxh3 27. Bxd4 Nxd4 28. Qb2 Nxe2+ 29. Qxe2 Rxd1+ 30. Qxd1 Qg4 31. Qd8+ Kh7 32. Qd3 h5 33. Nc3 h4 34. Nd1 hxg3 35. fxg3 c5 36. Nf2 c4 37. Qe3 Qh5 38. Kg2 Qe5 39. Qc1 c3 40. Qc2 Qd4 41. Kf3 f5 42. exf5 Bxf5 43. Qb3 Kg7 44. Qxb7 Qc5 45. Qa6 c2 0-1

[Event "PRO League Stage"]
[Site "Chess.com INT"]
[Date "2017.02.15"]
[Round "6"]
[White "Liu, Elliott"]
[Black "Chirila, Ioan Cristian"]
[Result "1-0"]
[WhiteElo "2284"]
[BlackElo "2533"]
[PlyCount "49"]
[EventDate "2017.01.11"]
[EventType "team-swiss (rapid)"]
[EventRounds "7"]
[EventCountry "USA"]
[SourceTitle "CBM 176 Extra"]
[Source "ChessBase"]
[SourceDate "2017.03.02"]
[SourceVersion "1"]
[SourceVersionDate "2017.03.02"]
[SourceQuality "1"]
[WhiteTeam "Las Vegas Desert Rats"]
[BlackTeam "San Jose Hackers"]
[WhiteTeamCountry "USA"]
[BlackTeamCountry "USA"]

1. e4 e5 2. Nf3 Nc6 3. Nc3 Nf6 4. d4 exd4 5. Nxd4 Bb4 6. Nxc6 bxc6 7. Bd3 d5 8. exd5 cxd5 9. 0-0 0-0 10. Bg5 c6 11. Na4 Rb8 12. c3 Be7 13. Bc2 Be6 14. Re1 Re8 15. Qd3 g6 16. Qd4 Nd7 17. Bxe7 Rxe7 18. Qxa7 c5 19. Nxc5 Nxc5 20. Qxc5 Rxb2 21. Bb3 Qc7 22. Qd4 Qa7 23. Qf6 Rd7 24. c4 d4 25. c5 1-0

[Event "PRO League Stage"]
[Site "Chess.com INT"]
[Date "2017.02.15"]
[Round "6"]
[White "Naroditsky, Daniel"]
[Black "Liu, Elliott"]
[Result "1/2-1/2"]
[WhiteElo "2646"]
[BlackElo "2284"]
[PlyCount "147"]
[EventDate "2017.01.11"]
[EventType "team-swiss (rapid)"]
[EventRounds "7"]
[EventCountry "USA"]
[SourceTitle "CBM 176 Extra"]
[Source "ChessBase"]
[SourceDate "2017.03.02"]
[SourceVersion "1"]
[SourceVersionDate "2017.03.02"]
[SourceQuality "1"]
[WhiteTeam "San Jose Hackers"]
[BlackTeam "Las Vegas Desert Rats"]
[WhiteTeamCountry "USA"]
[BlackTeamCountry "USA"]

1. e4 e6 2. d4 d5 3. Nd2 dxe4 4. Nxe4 Nf6 5. Nxf6+ gxf6 6. Nf3 Nc6 7. Bc4 Qd6 8. 0-0 Bd7 9. c3 0-0-0 10. Qe2 Ne7 11. Nd2 Nd5 12. Ne4 Qe7 13. Bb5 f5 14. Nc5 Bxb5 15. Qxb5 c6 16. Qa5 a6 17. Nd3 Rg8 18. c4 Nb4 19. Ne1 Rxd4 20. Qe5 c5 21. Qe2 Re4 22. Be3 Bh6 23. Qf3 Bxe3 24. fxe3 Qg5 25. a3 Nc6 26. Nc2 Ne5 27. Qe2 Nxc4 28. Rf3 Rg4 29. Ne1 Ne5 30. Rh3 Re4 31. Rc1 Nd7 32. Qf2 Kb8 33. Nd3 c4 34. Nf4 Nf6 35. Rg3 Ng4 36. Qd2 Rxe3 37. Rxc4 Rxg3 38. hxg3 Rd8 39. Rd4 Rc8 40. Rd7 Qh6 41. Kf1 Qh1+ 42. Ke2 Qg1 43. Nd3 Qxg2+ 44. Kd1 Qxg3 45. Qb4 Qf3+ 46. Ke1 Qe4+ 47. Qxe4 fxe4 48. Nf4 e5 49. Nd5 f5 50. a4 h5 51. Nb6 Rf8 52. Rh7 Nf6 53. Rh6 Kc7 54. Rxf6 Rxf6 55. Nd5+ Kc6 56. Nxf6 Kc5 57. a5 Kb4 58. Nxh5 f4 59. Nf6 e3 60. Nd7 e4 61. Nf6 Kxa5 62. Nd5 Ka4 63. Nxf4 Kb3 64. Nd5 Kxb2 65. Nxe3 b5 66. Kd2 a5 67. Nd1+ Kb3 68. Nf2 e3+ 69. Kxe3 a4 70. Nd3 a3 71. Kd2 b4 72. Nxb4 Kxb4 73. Kc2 a2 74. Kb2 1/2-1/2

[Event "PRO League Pacific"]
[Site "Chess.com INT"]
[Date "2017.02.01"]
[Round "4"]
[White "Smith, Bryan G"]
[Black "Liu, Elliott"]
[Result "1/2-1/2"]
[WhiteElo "2423"]
[BlackElo "2284"]
[PlyCount "79"]
[EventDate "2017.01.11"]
[EventType "team-swiss (rapid)"]
[EventRounds "7"]
[EventCountry "USA"]
[SourceTitle "CBM 176 Extra"]
[Source "ChessBase"]
[SourceDate "2017.03.02"]
[SourceVersion "1"]
[SourceVersionDate "2017.03.02"]
[SourceQuality "1"]
[WhiteTeam "Philadelphia Inventors"]
[BlackTeam "Las Vegas Desert Rats"]
[WhiteTeamCountry "UAE"]
[BlackTeamCountry "USA"]

1. e4 e6 2. d4 d5 3. Nd2 dxe4 4. Nxe4 Nf6 5. Nxf6+ gxf6 6. Nf3 Nc6 7. Be3 Qd6 8. Qd2 Bd7 9. g3 Ne7 10. Bg2 Qa6 11. a3 Nd5 12. Bh6 Bd6 13. Bf1 Bb5 14. Bxb5+ Qxb5 15. 0-0-0 0-0-0 16. Qd3 Qa4 17. c4 Nb6 18. Bg7 Nxc4 19. Bxh8 Rxh8 20. Nd2 Na5 21. b4 Rd8 22. Kb2 Be5 23. Nf3 Nc6 24. Qb3 Qxb3+ 25. Kxb3 Nxd4+ 26. Nxd4 Bxd4 27. f4 Rd6 28. Rhf1 f5 29. Kc4 Be3 30. b5 b6 31. a4 Bc5 32. Rd3 Kd7 33. Rfd1 Ke7 34. a5 Kd7 35. a6 Ke7 36. R1d2 Kf6 37. Re2 Ke7 38. Red2 Kf6 39. Re2 Ke7 40. Red2 1/2-1/2

[Event "PRO League Pacific"]
[Site "Chess.com INT"]
[Date "2017.01.18"]
[Round "2"]
[White "Dreev, Alexey"]
[Black "Liu, Elliott"]
[Result "1-0"]
[WhiteElo "2651"]
[BlackElo "2284"]
[PlyCount "55"]
[EventDate "2017.01.11"]
[EventType "team-swiss (rapid)"]
[EventRounds "7"]
[EventCountry "USA"]
[SourceTitle "CBM 176 Extra"]
[Source "ChessBase"]
[SourceDate "2017.03.02"]
[SourceVersion "1"]
[SourceVersionDate "2017.03.02"]
[SourceQuality "1"]
[WhiteTeam "San Diego Surfers"]
[BlackTeam "Las Vegas Desert Rats"]
[WhiteTeamCountry "USA"]
[BlackTeamCountry "USA"]

1. d4 Nf6 2. Nf3 g6 3. g3 Bg7 4. Bg2 0-0 5. 0-0 d5 6. c4 Nc6 7. Nbd2 dxc4 8. Nxc4 Be6 9. Nce5 Bd5 10. Bf4 Nh5 11. Be3 Nxe5 12. dxe5 Bxf3 13. Bxf3 Bxe5 14. Qb3 c6 15. Qxb7 Rb8 16. Qxa7 Bxb2 17. Rad1 Qe8 18. Qc5 Rb5 19. Qxc6 Ra5 20. a4 Rxa4 21. Qxe8 Rxe8 22. Bc6 Raa8 23. Rd2 Bf6 24. Rfd1 e6 25. g4 Ng7 26. Bh6 g5 27. Bxa8 Rxa8 28. Rd7 1-0

[Event "Las Vegas Millionaire op"]
[Site "Las Vegas"]
[Date "2015.10.08"]
[Round "1"]
[White "Ortiz Suarez, Isan Reynaldo"]
[Black "Liu, Elliott"]
[Result "1-0"]
[WhiteElo "2581"]
[BlackElo "2265"]
[PlyCount "87"]
[EventDate "2015.10.08"]
[EventType "swiss"]
[EventRounds "9"]
[EventCountry "USA"]
[SourceTitle "CBM 168 Extra"]
[Source "ChessBase"]
[SourceDate "2015.10.29"]
[SourceVersion "1"]
[SourceVersionDate "2015.10.29"]
[SourceQuality "1"]

1. Nf3 Nf6 2. c4 g6 3. Nc3 Bg7 4. e4 d6 5. d4 0-0 6. Be2 e5 7. 0-0 Na6 8. Re1 c6 9. d5 Nc5 10. Bf1 a5 11. Rb1 Bd7 12. b3 cxd5 13. cxd5 b5 14. Nd2 Qb6 15. Qe2 b4 16. Na4 Nxa4 17. bxa4 Bxa4 18. a3 Rfb8 19. axb4 axb4 20. Nc4 Qc7 21. f3 Bb5 22. Be3 Bxc4 23. Qxc4 Qxc4 24. Bxc4 Nd7 25. Rec1 Bf8 26. Bd2 Ra4 27. Rb2 Be7 28. Rcb1 Bd8 29. Rxb4 Raxb4 30. Rxb4 Rxb4 31. Bxb4 Bb6+ 32. Kf1 Bc5 33. Bc3 Nb6 34. Bb5 Nc8 35. Ke2 Ne7 36. Bd7 f5 37. Be6+ Kf8 38. Kd3 fxe4+ 39. fxe4 Ng8 40. Bxg8 Kxg8 41. Kc4 Bg1 42. h3 Kf7 43. Kb5 Kf6 44. Bb4 1-0

[Event "USA tt"]
[Site "ICC INT"]
[Date "2015.09.30"]
[Round "6"]
[White "Liu, Elliott"]
[Black "Metpally, Jason"]
[Result "1-0"]
[WhiteElo "2265"]
[BlackElo "1893"]
[PlyCount "75"]
[EventDate "2015.08.25"]
[EventType "team-swiss"]
[EventRounds "10"]
[EventCountry "USA"]
[SourceTitle "EXT 2017"]
[Source "ChessBase"]
[SourceDate "2016.10.25"]
[SourceVersion "1"]
[SourceVersionDate "2016.10.25"]
[SourceQuality "1"]
[WhiteTeam "Las Vegas"]
[BlackTeam "Dallas"]
[WhiteTeamCountry "USA"]
[BlackTeamCountry "USA"]

1. e4 e6 2. d3 c5 3. Nf3 Nc6 4. g3 d5 5. Nbd2 Nf6 6. Bg2 g6 7. 0-0 Bg7 8. Nh4 0-0 9. f4 Qc7 10. c3 b6 11. e5 Nd7 12. Ndf3 Ba6 13. Rf2 Rac8 14. Be3 f6 15. d4 cxd4 16. cxd4 Qb7 17. Rc1 Nb4 18. Rc3 Bc4 19. a3 Na2 20. Rxc4 Rxc4 21. Qb1 Nc3 22. bxc3 Rxc3 23. Bd2 Rc6 24. Bf1 a6 25. a4 f5 26. g4 Kh8 27. Ng5 Rb8 28. Rg2 Nf8 29. gxf5 gxf5 30. Qd1 b5 31. axb5 axb5 32. Qh5 b4 33. Bxb4 Qxb4 34. Nf7+ Kg8 35. Nh6+ Kh8 36. Qf7 Ng6 37. Qg8+ Rxg8 38. Nf7# 1-0

[Event "Las Vegas Millionaire op"]
[Site "Las Vegas"]
[Date "2014.10.09"]
[Round "1"]
[White "Naroditsky, Daniel"]
[Black "Liu, Elliott"]
[Result "1-0"]
[WhiteElo "2601"]
[BlackElo "2269"]
[PlyCount "43"]
[EventDate "2014.10.09"]
[EventType "swiss"]
[EventRounds "9"]
[EventCountry "USA"]
[SourceTitle "CBM 162 Extra"]
[Source "ChessBase"]
[SourceDate "2014.10.17"]
[SourceVersion "1"]
[SourceVersionDate "2014.10.17"]
[SourceQuality "1"]

1. e4 c5 2. Nf3 e6 3. d4 cxd4 4. Nxd4 Nf6 5. Nc3 Nc6 6. g3 d5 7. exd5 Nxd5 8. Bg2 Bb4 9. 0-0 Bxc3 10. Nxc6 bxc6 11. bxc3 Ba6 12. Re1 Qa5 13. c4 Ne7 14. Bd2 Qa4 15. Bg5 Bxc4 16. Bxe7 Kxe7 17. Qd4 Qb5 18. a4 Qa6 19. Qc5+ Kf6 20. Re4 Bd5 21. Rf4+ Kg6 22. c4 1-0

[Event "North American op 23rd"]
[Site "Las Vegas"]
[Date "2013.12.26"]
[Round "2"]
[White "Ehlvest, Jaan"]
[Black "Liu, Elliott"]
[Result "1-0"]
[WhiteElo "2577"]
[BlackElo "2289"]
[PlyCount "61"]
[EventDate "2013.12.26"]
[EventType "swiss"]
[EventRounds "9"]
[EventCountry "USA"]
[SourceTitle "CBM 158 Extra"]
[Source "ChessBase"]
[SourceDate "2014.02.28"]
[SourceVersion "1"]
[SourceVersionDate "2014.02.28"]
[SourceQuality "1"]

1. e4 c5 2. Nf3 Nc6 3. Bb5 d6 4. 0-0 Bd7 5. Re1 Nf6 6. c3 a6 7. Bf1 Bg4 8. h3 Bh5 9. d4 Bxf3 10. gxf3 e5 11. dxe5 dxe5 12. f4 Qxd1 13. Rxd1 Rd8 14. Rxd8+ Kxd8 15. fxe5 Nxe5 16. Nd2 g5 17. Nc4 Nf3+ 18. Kh1 Nxe4 19. Be3 f5 20. Rd1+ Ke7 21. Be2 g4 22. hxg4 fxg4 23. Bd3 Nf6 24. Bxc5+ Ke6 25. Ba7 Be7 26. Ne3 Kf7 27. Nf5 Ne5 28. Be2 Ra8 29. Bd4 Nf3 30. Bxf3 gxf3 31. Rd3 1-0

[Event "North American op 21st"]
[Site "Las Vegas"]
[Date "2011.12.29"]
[Round "6"]
[White "Kleiman, Jake"]
[Black "Liu, Elliott"]
[Result "1-0"]
[WhiteElo "2450"]
[BlackElo "2359"]
[PlyCount "59"]
[EventDate "2011.12.26"]
[EventType "swiss"]
[EventRounds "7"]
[EventCountry "USA"]
[SourceTitle "CBM 146 Extra"]
[Source "ChessBase"]
[SourceDate "2012.02.29"]
[SourceVersion "1"]
[SourceVersionDate "2012.02.29"]
[SourceQuality "1"]

1. e4 c5 2. c3 Nf6 3. e5 Nd5 4. Nf3 Nc6 5. Bc4 Nb6 6. Bb3 c4 7. Bc2 d6 8. exd6 e5 9. 0-0 Bxd6 10. d3 cxd3 11. Qxd3 Be6 12. Rd1 Be7 13. Qe4 Qc7 14. Ng5 Bxg5 15. Bxg5 f6 16. Be3 Nc4 17. Bc5 f5 18. Qe2 N6a5 19. Bb4 Nc6 20. Bxf5 Qf7 21. Bxe6 Qxe6 22. Na3 Nxa3 23. Bxa3 Rd8 24. Qb5 b6 25. Rxd8+ Kxd8 26. Rd1+ Kc7 27. Rd6 Qxd6 28. Bxd6+ Kxd6 29. Kf1 Rd8 30. Qd3+ 1-0

[Event "Los Angeles Metropolitan op 1st"]
[Site "Los Angeles"]
[Date "2011.08.20"]
[Round "7"]
[White "Jayakumar, Adarsh"]
[Black "Liu, Elliott"]
[Result "1-0"]
[WhiteElo "2177"]
[BlackElo "2291"]
[PlyCount "65"]
[EventDate "2011.08.17"]
[EventType "swiss"]
[EventRounds "9"]
[EventCountry "USA"]
[SourceTitle "CBM 144 Extra"]
[Source "ChessBase"]
[SourceDate "2011.10.28"]
[SourceVersion "1"]
[SourceVersionDate "2011.10.28"]
[SourceQuality "1"]

1. d4 g6 2. c4 Bg7 3. Nf3 Nf6 4. g3 0-0 5. Bg2 d5 6. cxd5 Nxd5 7. 0-0 Nb6 8. Nc3 Nc6 9. e3 Re8 10. Re1 a5 11. Qe2 Bg4 12. h3 Be6 13. Rd1 Bc4 14. Qd2 a4 15. Ne1 Qc8 16. Rb1 Rd8 17. Kh2 e5 18. d5 Nb4 19. Nxa4 Rxa4 20. b3 Rxa2 21. Qxb4 Bxd5 22. e4 Bc6 23. Be3 Rxd1 24. Rxd1 Nd7 25. Qc4 Qa8 26. Nd3 b5 27. Qc3 Bxe4 28. Nb4 Bxg2 29. Nxa2 Nf8 30. Nb4 Qf3 31. Rg1 e4 32. Qd2 c5 33. Nd5 1-0

[Event "Los Angeles Metropolitan 9th"]
[Site "Los Angeles"]
[Date "2011.07.30"]
[Round "7"]
[White "Liu, Elliott"]
[Black "Peters, Jack"]
[Result "1-0"]
[WhiteElo "2291"]
[BlackElo "2377"]
[PlyCount "103"]
[EventDate "2011.07.27"]
[EventType "tourn"]
[EventRounds "9"]
[EventCountry "USA"]
[EventCategory "2"]
[SourceTitle "CBM 143 Extra"]
[Source "ChessBase"]
[SourceDate "2011.08.29"]
[SourceVersion "1"]
[SourceVersionDate "2011.08.29"]
[SourceQuality "1"]

1. e4 c5 2. Nc3 e6 3. Nf3 Nc6 4. d4 cxd4 5. Nxd4 d6 6. Nxc6 bxc6 7. Bd3 Nf6 8. 0-0 Be7 9. Qe2 Nd7 10. f4 0-0 11. Kh1 Rb8 12. b3 Bf6 13. e5 dxe5 14. Ne4 Be7 15. fxe5 Nxe5 16. Bf4 Nd7 17. Bxb8 Nxb8 18. Rad1 Qa5 19. Nd2 Qc7 20. Qh5 g6 21. Qh6 Qe5 22. Nc4 Qc5 23. Qf4 Na6 24. a3 Qg5 25. Qxg5 Bxg5 26. b4 Be7 27. Ne5 Nb8 28. Be4 Ba6 29. Rf2 c5 30. Nd7 cxb4 31. Nxf8 Kxf8 32. axb4 f5 33. Ra1 Bf6 34. Ra3 Bb2 35. Ra2 Bc3 36. Bd3 Bxd3 37. cxd3 Bd4 38. Rfc2 Nd7 39. Rc7 Ke7 40. b5 Bb6 41. Rcxa7 Bxa7 42. Rxa7 Kd6 43. Ra6+ Kc5 44. Rxe6 Kxb5 45. Re7 Nf6 46. h3 Kb4 47. Rf7 Nh5 48. Rxh7 Kc3 49. Rd7 Nf4 50. Rd6 Kd2 51. Kh2 Ke3 52. h4 1-0

[Event "Los Angeles Metropolitan 9th"]
[Site "Los Angeles"]
[Date "2011.07.30"]
[Round "6"]
[White "Nunez Hirales, Juan Alejandro"]
[Black "Liu, Elliott"]
[Result "1-0"]
[WhiteElo "2078"]
[BlackElo "2291"]
[PlyCount "81"]
[EventDate "2011.07.27"]
[EventType "tourn"]
[EventRounds "9"]
[EventCountry "USA"]
[EventCategory "2"]
[SourceTitle "CBM 143 Extra"]
[Source "ChessBase"]
[SourceDate "2011.08.29"]
[SourceVersion "1"]
[SourceVersionDate "2011.08.29"]
[SourceQuality "1"]

1. e4 c5 2. Nf3 e6 3. d4 cxd4 4. Nxd4 Nf6 5. Bd3 Nc6 6. Nxc6 dxc6 7. c4 e5 8. 0-0 Bc5 9. Nc3 h6 10. h3 g5 11. Be2 Bd4 12. Qd3 Be6 13. Be3 Qd6 14. Rac1 Rd8 15. Rfd1 Qb4 16. Bxd4 Rxd4 17. Qg3 Nd7 18. b3 0-0 19. h4 f6 20. Bg4 Qe7 21. Bxe6+ Qxe6 22. Qe3 Qd6 23. Qe2 Nc5 24. b4 Nd3 25. Rb1 Nxb4 26. Qh5 Rf7 27. Rxd4 exd4 28. Ne2 gxh4 29. Qxh4 d3 30. Ng3 d2 31. Rd1 Nxa2 32. Nf5 Qd3 33. Nxh6+ Kf8 34. Nf5 Ke8 35. Qh6 Rd7 36. Qh8+ Kf7 37. Qg7+ Ke6 38. Qg8+ Ke5 39. Qe8+ Kf4 40. g3+ Kf3 41. Nh4+ 1-0

[Event "Los Angeles Metropolitan 9th"]
[Site "Los Angeles"]
[Date "2011.07.28"]
[Round "3"]
[White "Liu, Elliott"]
[Black "Manukian, Garuch"]
[Result "1/2-1/2"]
[WhiteElo "2291"]
[BlackElo "2292"]
[PlyCount "120"]
[EventDate "2011.07.27"]
[EventType "tourn"]
[EventRounds "9"]
[EventCountry "USA"]
[EventCategory "2"]
[SourceTitle "CBM 143 Extra"]
[Source "ChessBase"]
[SourceDate "2011.08.29"]
[SourceVersion "1"]
[SourceVersionDate "2011.08.29"]
[SourceQuality "1"]

1. e4 c6 2. d4 d5 3. e5 Na6 4. Bd3 Nc7 5. Ne2 g6 6. Ng3 h5 7. h3 Nh6 8. Nd2 h4 9. Ne2 Bf5 10. Nf3 Bxd3 11. Qxd3 Nf5 12. Nf4 Qd7 13. Ng5 e6 14. g4 hxg3 15. fxg3 c5 16. g4 c4 17. Qd1 Ng3 18. Rg1 Ne4 19. Nxe4 dxe4 20. c3 Nd5 21. Qe2 Nxf4 22. Bxf4 Rxh3 23. Qxe4 Qd5 24. Qxd5 exd5 25. Ke2 Be7 26. e6 fxe6 27. Rh1 Rxh1 28. Rxh1 0-0-0 29. Rh7 Bd6 30. Bxd6 Rxd6 31. Kf3 g5 32. Rg7 Rb6 33. Rxg5 Rxb2 34. Rg7 Rc2 35. g5 Rxc3+ 36. Kf4 Rc2 37. Ke5 a5 38. g6 c3 39. Kxe6 Rg2 40. Kd6 Kb8 41. Rg8+ Ka7 42. g7 Kb6 43. Rc8 Rxg7 44. Rxc3 Rg2 45. Rb3+ Ka6 46. a3 a4 47. Rc3 Rg5 48. Kc5 Rh5 49. Rg3 Rh1 50. Kxd5 Rb1 51. Rc3 b5 52. Ke4 b4 53. axb4 Rxb4 54. Ke5 Rb8 55. d5 Kb5 56. d6 Kb4 57. Rc1 Rd8 58. Ke6 a3 59. Ke7 Rh8 60. d7 a2 1/2-1/2

[Event "Los Angeles Metropolitan 9th"]
[Site "Los Angeles"]
[Date "2011.07.28"]
[Round "2"]
[White "Taylor, Timothy"]
[Black "Liu, Elliott"]
[Result "0-1"]
[WhiteElo "2279"]
[BlackElo "2291"]
[PlyCount "80"]
[EventDate "2011.07.27"]
[EventType "tourn"]
[EventRounds "9"]
[EventCountry "USA"]
[EventCategory "2"]
[SourceTitle "CBM 143 Extra"]
[Source "ChessBase"]
[SourceDate "2011.08.29"]
[SourceVersion "1"]
[SourceVersionDate "2011.08.29"]
[SourceQuality "1"]

1. f4 g6 2. Nf3 Bg7 3. e4 c5 4. d4 cxd4 5. Nxd4 d5 6. e5 Nh6 7. Nc3 0-0 8. Be2 Nc6 9. Bf3 Qb6 10. Nb3 d4 11. Ne4 Nf5 12. Nec5 Na5 13. Qd3 Nxb3 14. Nxb3 Be6 15. Bd2 Rac8 16. Ba5 Qa6 17. Qxa6 bxa6 18. 0-0-0 g5 19. Bb7 Rb8 20. Nc5 gxf4 21. Bc7 Rxb7 22. Nxb7 Rc8 23. Ba5 Bd5 24. Nd8 Bxe5 25. Rhe1 Ne3 26. Rd2 Nc4 27. Rxe5 Nxe5 28. Rxd4 Bxg2 29. Bc3 f3 30. Rd2 Nc4 31. Rd1 f2 32. Nc6 Bxc6 33. Rf1 Ne3 34. Rxf2 Ng4 35. Re2 Kf8 36. Bb4 Rc7 37. c4 Bf3 38. Rc2 Ne3 39. Rf2 Rxc4+ 40. Bc3 Be4 0-1

[Event "Landon Brownell Memorial"]
[Site "Los Angeles"]
[Date "2011.07.24"]
[Round "9"]
[White "Liu, Elliott"]
[Black "Clawitter, Craig"]
[Result "1-0"]
[WhiteElo "2291"]
[BlackElo "2118"]
[PlyCount "73"]
[EventDate "2011.07.20"]
[EventType "tourn"]
[EventRounds "9"]
[EventCountry "USA"]
[EventCategory "2"]
[SourceTitle "CBM 143 Extra"]
[Source "ChessBase"]
[SourceDate "2011.08.29"]
[SourceVersion "1"]
[SourceVersionDate "2011.08.29"]
[SourceQuality "1"]

1. e4 e6 2. d4 d5 3. Nc3 Bb4 4. exd5 exd5 5. Qf3 Qe7+ 6. Nge2 Nc6 7. Qd3 Be6 8. a3 Ba5 9. Bf4 Bb6 10. 0-0-0 0-0-0 11. Na4 Qd7 12. Nxb6+ axb6 13. Nc3 Na7 14. Qg3 f6 15. Re1 Bf5 16. h4 g6 17. Re3 Ne7 18. Bxc7 Rde8 19. Bxb6 Nec6 20. Rxe8+ Rxe8 21. Bb5 Nxb5 22. Nxb5 Re6 23. f3 Ne5 24. Na7+ Kb8 25. dxe5 Rxb6 26. e6+ Qc7 27. Qxc7+ Kxc7 28. e7 Bd7 29. Re1 Be8 30. a4 Rb4 31. Nb5+ Kd7 32. Nc3 Kd6 33. g3 d4 34. Nb5+ Kd7 35. b3 d3 36. Kd2 dxc2 37. Kc3 1-0

[Event "Landon Brownell Memorial"]
[Site "Los Angeles"]
[Date "2011.07.23"]
[Round "7"]
[White "Liu, Elliott"]
[Black "Banawa, Joel Cholo"]
[Result "0-1"]
[WhiteElo "2291"]
[BlackElo "2374"]
[PlyCount "56"]
[EventDate "2011.07.20"]
[EventType "tourn"]
[EventRounds "9"]
[EventCountry "USA"]
[EventCategory "2"]
[SourceTitle "CBM 143 Extra"]
[Source "ChessBase"]
[SourceDate "2011.08.29"]
[SourceVersion "1"]
[SourceVersionDate "2011.08.29"]
[SourceQuality "1"]

1. e4 c5 2. Nf3 e6 3. d4 cxd4 4. Nxd4 Nf6 5. Nc3 Nc6 6. Be2 Bb4 7. 0-0 0-0 8. Nxc6 bxc6 9. e5 Nd5 10. Ne4 f5 11. Nd2 Nb6 12. c4 d5 13. Qc2 Be7 14. cxd5 cxd5 15. Nb3 Bd7 16. Ba6 Ba4 17. Be3 f4 18. Bd4 f3 19. g3 Qe8 20. Qc7 Qh5 21. Rfd1 Rf7 22. Bxb6 Bb4 23. Qc2 axb6 24. Bd3 g6 25. a3 Bc5 26. Re1 Bxb3 27. Qxb3 Qh3 28. Bf1 Bxf2+ 0-1

[Event "Landon Brownell Memorial"]
[Site "Los Angeles"]
[Date "2011.07.21"]
[Round "3"]
[White "Liu, Elliott"]
[Black "Yankovsky, Roman"]
[Result "0-1"]
[WhiteElo "2291"]
[BlackElo "2400"]
[PlyCount "60"]
[EventDate "2011.07.20"]
[EventType "tourn"]
[EventRounds "9"]
[EventCountry "USA"]
[EventCategory "2"]
[SourceTitle "CBM 143 Extra"]
[Source "ChessBase"]
[SourceDate "2011.08.29"]
[SourceVersion "1"]
[SourceVersionDate "2011.08.29"]
[SourceQuality "1"]

1. e4 e5 2. Nf3 d6 3. d4 exd4 4. Nxd4 Nf6 5. f3 d5 6. e5 Nfd7 7. f4 Nc6 8. c3 Bc5 9. Be3 Bb6 10. Bd3 Qh4+ 11. g3 Qh3 12. Bf1 Qh6 13. Qf3 0-0 14. Nd2 Ne7 15. g4 f5 16. g5 Qg6 17. h4 Nc5 18. h5 Qe8 19. N2b3 Ne4 20. Nb5 Qd8 21. a4 a6 22. N5d4 c5 23. Nc2 Be6 24. Rd1 Qe8 25. a5 Qa4 26. Nca1 Ba7 27. Bg1 Rfd8 28. Rc1 Rac8 29. h6 g6 30. Rh2 Nc6 0-1

[Event "US Open-111"]
[Site "Irvine"]
[Date "2010.08.06"]
[Round "?"]
[White "Liu, Elliott"]
[Black "Sevillano, Enrico"]
[Result "0-1"]
[WhiteElo "2276"]
[BlackElo "2502"]
[PlyCount "46"]
[EventDate "2010.07.31"]
[EventType "swiss"]
[EventRounds "9"]
[EventCountry "USA"]
[SourceTitle "CBM 137 Extra"]
[Source "ChessBase"]
[SourceDate "2010.09.01"]
[SourceVersion "1"]
[SourceVersionDate "2010.09.01"]
[SourceQuality "1"]

1. e4 c5 2. Nf3 Nc6 3. d4 cxd4 4. Nxd4 Nf6 5. Nc3 e5 6. Ndb5 d6 7. Bg5 a6 8. Na3 b5 9. Bxf6 gxf6 10. Nd5 f5 11. c3 Bg7 12. Nxb5 axb5 13. Bxb5 Bd7 14. exf5 0-0 15. Qh5 Ne7 16. f6 Nxd5 17. fxg7 Re8 18. Bd3 e4 19. Bc4 Re5 20. Qh6 Be6 21. 0-0 Nxc3 22. Bxe6 Rxe6 23. Qh5 Ra5 0-1

[Event "US Open-111"]
[Site "Irvine"]
[Date "2010.08.04"]
[Round "?"]
[White "Dixon, Dakota Ellis"]
[Black "Liu, Elliott"]
[Result "1/2-1/2"]
[WhiteElo "2033"]
[BlackElo "2276"]
[PlyCount "62"]
[EventDate "2010.07.31"]
[EventType "swiss"]
[EventRounds "9"]
[EventCountry "USA"]
[SourceTitle "CBM 137 Extra"]
[Source "ChessBase"]
[SourceDate "2010.09.01"]
[SourceVersion "1"]
[SourceVersionDate "2010.09.01"]
[SourceQuality "1"]

1. d4 Nf6 2. Nf3 g6 3. Bg5 Bg7 4. Bxf6 Bxf6 5. Nbd2 d6 6. c3 Bg7 7. e4 0-0 8. Bc4 e5 9. 0-0 Nc6 10. dxe5 Nxe5 11. Nxe5 Bxe5 12. Nf3 Bg7 13. Re1 Qe7 14. h3 Be6 15. Qb3 a5 16. a4 Ra6 17. Bxe6 fxe6 18. Qxb7 Rb6 19. Qa7 Rxb2 20. Qxa5 Rxf3 21. gxf3 Qh4 22. Qa7 Be5 23. Rab1 Rc2 24. Rb8+ Kg7 25. Rc8 d5 26. Rxc7+ Bxc7 27. Qxc7+ Kh6 28. Qg3 Qxg3+ 29. fxg3 Rxc3 30. exd5 exd5 31. Ra1 Rxf3 1/2-1/2

[Event "US Open-111"]
[Site "Irvine"]
[Date "2010.08.02"]
[Round "3"]
[White "Hughes, Tyler B"]
[Black "Liu, Elliott"]
[Result "0-1"]
[WhiteElo "2312"]
[BlackElo "2276"]
[PlyCount "92"]
[EventDate "2010.07.31"]
[EventType "swiss"]
[EventRounds "9"]
[EventCountry "USA"]
[SourceTitle "CBM 137 Extra"]
[Source "ChessBase"]
[SourceDate "2010.09.01"]
[SourceVersion "1"]
[SourceVersionDate "2010.09.01"]
[SourceQuality "1"]

1. d4 d5 2. c4 c6 3. Nf3 Nf6 4. e3 e6 5. Nbd2 c5 6. dxc5 Bxc5 7. a3 0-0 8. b4 Be7 9. Bb2 b6 10. Bd3 Bb7 11. 0-0 Nbd7 12. Rc1 a5 13. b5 Nc5 14. Bb1 Nfe4 15. Qc2 Bf6 16. Ne5 g6 17. Rfd1 Qe7 18. cxd5 exd5 19. Ndf3 Rac8 20. Ba2 Rfd8 21. h3 Bg7 22. Bd4 Ne6 23. Qb2 Nxd4 24. exd4 Qd6 25. Re1 f5 26. Qb3 Bf8 27. a4 Qa3 28. Nd3 Qxb3 29. Bxb3 Bh6 30. Rxc8 Rxc8 31. Nfe5 Rc3 32. Bd1 Ra3 33. g4 Bd2 34. Rf1 f4 35. Bc2 Bc3 36. Nc6 g5 37. Nde5 Kg7 38. Rd1 Bc8 39. Ne7 Be6 40. N5c6 Kf6 41. Rd3 Ra1+ 42. Kg2 Ra2 43. Bb3 Rxf2+ 44. Kg1 f3 45. Nxd5+ Bxd5 46. Bxd5 Rg2+ 0-1